Computer architecture: A quantitative approach (Record no. 167041)

MARC details
000 -LEADER
fixed length control field 00435nam a2200157Ia 4500
008 - FIXED-LENGTH DATA ELEMENTS--GENERAL INFORMATION
fixed length control field 231217s9999 xx 000 0 und d
041 ## - LANGUAGE CODE
Language code of text/sound track or separate title English
082 ## - DEWEY DECIMAL CLASSIFICATION NUMBER
Classification number 621.381952 PAT;2
100 ## - MAIN ENTRY--PERSONAL NAME
Personal name Patterson, David James Hennessy, John L
245 #0 - TITLE STATEMENT
Title Computer architecture: A quantitative approach
250 ## - EDITION STATEMENT
Edition statement 2nd ed.
260 ## - PUBLICATION, DISTRIBUTION, ETC.
Date of publication, distribution, etc. 1996
Name of publisher, distributor, etc. Hercourt Asia,USA
300 ## - PHYSICAL DESCRIPTION
Extent xxiii+760
650 ## - SUBJECT ADDED ENTRY--TOPICAL TERM
Topical term or geographic name entry element Computer architecture
942 ## - ADDED ENTRY ELEMENTS (KOHA)
Koha item type Books
Holdings
Date last seen Total checkouts Full call number Accession number Date due Date last checked out Cost, total (INR) price Price effective from Category Lost status Damaged status Department Withdrawn status Home library Current library Entry date Cost, normal purchase price Grants Billnumber Billdate Currency symbol Conversion rate Discount Old discount
02/04/2024 1 621.381952 PAT;2 15324 08/06/2023 02/04/2024 457.98 26/01/2024 Books     Central Library   Central Library Central Library 25/05/2000 12.00 MCA 3438 27/03/2003 USD 44.9 1.8 15
26/01/2024   621.381952 PAT;3 15325     457.98 26/01/2024 Books     Central Library   Central Library Central Library 25/05/2000 12.00 MCA 3438 27/03/2003 USD 44.9 1.8 15

© For any Suggestions or Query, please contact the library staff @ librarian@pes.edu or Phone: +9180 2672 1983/ 2108.